SUPERPAVE Mix Design Superpave Series No. 2 (Sp-2)/ (Record no. 1556)

000 -LEADER
fixed length control field 00322 a2200109 4500
020 ## - INTERNATIONAL STANDARD BOOK NUMBER
International Standard Book Number 9781934154175
082 ## - DEWEY DECIMAL CLASSIFICATION NUMBER
Classification number 625.85 ASP
245 ## - TITLE STATEMENT
Title SUPERPAVE Mix Design Superpave Series No. 2 (Sp-2)/
Statement of responsibility, etc. Asphalt Institute
250 ## - EDITION STATEMENT
Edition statement 3rd ed
260 ## - PUBLICATION, DISTRIBUTION, ETC.
Place of publication, distribution, etc. USA :
Name of publisher, distributor, etc. Asphalt institute,
Date of publication, distribution, etc. 2001.
300 ## - PHYSICAL DESCRIPTION
Extent ix, 102p. :
Other physical details ill. ;
Dimensions 21 cm
650 ## - SUBJECT ADDED ENTRY--TOPICAL TERM
Topical term or geographic name entry element Superpave -- Asphalt
Holdings
Withdrawn status Lost status Damaged status Not for loan Permanent Location Current Location Shelving location Total Checkouts Full call number Barcode Date last seen Price effective from Koha item type Date acquired
        Central Library (CL) Central Library (CL)     625.85 ASP NIT-2470 01/05/2017 01/05/2017 Book  
        School of Civil and Environmental Engineering (SCEE) School of Civil and Environmental Engineering (SCEE)       NIT-3659 01/05/2017 01/05/2017 Book  
        School of Civil and Environmental Engineering (SCEE) School of Civil and Environmental Engineering (SCEE)       NIT-3662 01/05/2017 01/05/2017 Book  
        School of Civil and Environmental Engineering (SCEE) School of Civil and Environmental Engineering (SCEE)       NIT-3661 01/05/2017 01/05/2017 Book  
        School of Civil and Environmental Engineering (SCEE) School of Civil and Environmental Engineering (SCEE)       NIT-2504 01/05/2017 01/05/2017 Book  
        School of Civil and Environmental Engineering (SCEE) School of Civil and Environmental Engineering (SCEE)       NIT-2471 01/05/2017 01/05/2017 Book  
        School of Civil and Environmental Engineering (SCEE) School of Civil and Environmental Engineering (SCEE)       NIT-3663 01/05/2017 01/05/2017 Book  
© 2023 Central Library, National University of Sciences and Technology. All Rights Reserved.